000 00338nam a22001577a 4500
003 OSt
008 250425b |||||||| |||| 00| 0 eng d
020 _a9780241197790
100 _aKAFKA,Franz
245 _aThe Trial
250 _a15th
260 _aNew Delhi
_bPenguin
_c2015
300 _a182
650 _aGeneral
942 _2ddc
_cBK
999 _c13442
_d13442